书目信息 |
| 题名: |
政治话语的影像呈现
|
|
| 作者: | 王雪竹 著 | |
| 分册: | ||
| 出版信息: | 北京 中国社会科学出版社 2017 |
|
| 页数: | 298页 | |
| 开本: | 24cm | |
| 丛书名: | ||
| 单 册: | ||
| 中图分类: | D261.5 | |
| 科图分类: | ||
| 主题词: | 电影--应用--中国共产党--宣传工作--研究 | |
| 电子资源: | ||
| ISBN: | 978-7-5161-9145-3 | |
| 000 | 00970nam0 2200229 450 | |
| 001 | 012001005590 | |
| 005 | 20080820112016.0 | |
| 010 | @a978-7-5161-9145-3@dCNY75.00 | |
| 100 | @a20171018d2017 em y0chiy50 ea | |
| 101 | 0 | @achi |
| 102 | @aCN@b110000 | |
| 105 | @ay z 000yy | |
| 106 | @ar | |
| 200 | 1 | @a政治话语的影像呈现@9zheng zhi hua yu de ying xiang cheng xian@e中国共产党的电影宣传工作研究@f王雪竹著 |
| 210 | @a北京@c中国社会科学出版社@d2017 | |
| 215 | @a298页@d24cm | |
| 330 | @a本书以中国共产党的电影宣传工作为研究对象,综合运用政治学、传播学、心理学、艺术学、领导学、文化学、社会学、组织行为学等有关理论,以系统分析为基本研究方法,通过历史考察、比较分析和现实研究,在探索电影宣传工作基本规律的基础上,坚持问题导向,指出了加强和改进电影宣传工作的原则和具体路径。 | |
| 606 | 0 | @a电影@x应用@x中国共产党@x宣传工作@x研究 |
| 690 | @aD261.5@v5 | |
| 701 | 0 | @a王雪竹@9wang xue zhu@4著 |
| 801 | 0 | @aCN@b上海新华@c20181010 |
| 905 | @b1174548-52@dD261.5@e310@f5 | |
| 政治话语的影像呈现:中国共产党的电影宣传工作研究/王雪竹著.-北京:中国社会科学出版社,2017 |
| 298页;24cm |
| ISBN 978-7-5161-9145-3:CNY75.00 |
| 本书以中国共产党的电影宣传工作为研究对象,综合运用政治学、传播学、心理学、艺术学、领导学、文化学、社会学、组织行为学等有关理论,以系统分析为基本研究方法,通过历史考察、比较分析和现实研究,在探索电影宣传工作基本规律的基础上,坚持问题导向,指出了加强和改进电影宣传工作的原则和具体路径。 |
| ● |
| 相关链接 |
|
|
|
|
正题名:政治话语的影像呈现
索取号:D261.5/310
 
预约/预借
| 序号 | 登录号 | 条形码 | 馆藏地/架位号 | 状态 | 备注 |
| 1 | 1174548 | 211745487 | 第一样本阅览室/ [索取号:D261.5/310] | 在馆 | |
| 2 | 1174549 | 211745496 | 第一借阅区/ [索取号:D261.5/310] | 在馆 | |
| 3 | 1174550 | 211745502 | 第一借阅区/ [索取号:D261.5/310] | 在馆 | |
| 4 | 1174551 | 211745511 | 中国特色社会主义理论体系唐师研究基地/ [索取号:D261.5/310] | 在馆 | |
| 5 | 1174552 | 211745520 | 密集书库-史法系/ [索取号:D261.5/310] | 在馆 |